logo

Bir Sreshtho Munshi Abdur Rouf Library
Jhenaidah Cadet College

Da'wah According To The Qur'an And The Sunnah / (Record no. 12450)

MARC details
000 -LEADER
fixed length control field 00592nam a2200217 a 4500
001 - CONTROL NUMBER
JCCL Control Number 12450
003 - CONTROL NUMBER IDENTIFIER
JCCL marc code BD-JhCC
005 - DATE AND TIME OF LATEST TRANSACTION
control field 20220217121838.0
008 - FIXED-LENGTH DATA ELEMENTS--GENERAL INFORMATION
fixed length control field 220217b1998 su |||| ||a| 000 0 eng d
035 ## - SYSTEM CONTROL NUMBER
system control number (BD-JhCC)12450
040 ## - CATALOGING SOURCE
Original cataloging agency BD-JhCC
Modifying agency BD-JhCC
041 ## - LANGUAGE CODE
Language code of Book English
082 ## - DEWEY DECIMAL CLASSIFICATION NUMBER
Classification number 297.74
Author mark and Year MAB 1998
100 ## - MAIN ENTRY--PERSONAL NAME
Personal name Mababaya, Dr. Norlain Dindang
245 ## - TITLE STATEMENT
Title Da'wah According To The Qur'an And The Sunnah /
Statement of responsibility, etc Dr. Norlain Dindang Mababaya.
260 ## - PUBLICATION, DISTRIBUTION, ETC. (IMPRINT)
Place of publication, distribution, etc Riyadh :
Name of publisher, distributor, etc Darussalam;
Date of publication, distribution, etc 1998.
300 ## - PHYSICAL DESCRIPTION
Pagination 199 p. :
Dimensions 22 cm.
650 ## - SUBJECT ADDED ENTRY--TOPICAL TERM
Topical term or geographic name as entry element Dawah, Islam
942 ## - ADDED ENTRY ELEMENTS (KOHA)
Source of classification or shelving scheme Dewey Decimal Classification
Koha item type Books
Holdings
Source of classification or shelving scheme Damaged status Not for loan Home library Current library Shelving location Date of accession Cost, normal purchase price Total Checkouts Full call number Barcode Date last seen Copy number Koha item type
Dewey Decimal Classification     JCC Rouf Library JCC Rouf Library General Stacks 06/10/2021 704.00   297.74 MAB 1998 16895 02/17/2022 C-1 Books

JCC Library | Contacts | JCC Home

Last Update on 23 September 2017
Copyright @ 2017-2020 JCC Rouf Library
Rouf Library, Jhenidah Cadet College (JCC), Bangladesh